000 00451nam a22001817a 4500
003 MPLRDC
005 20220104170721.0
008 210129b ||||| |||| 00| 0 eng d
020 _a0-321-01451-0
082 _a563.7 REJ 1998
100 _aGEORGE E. REJDA
245 _aPRINCIPLES OF RISK MANAGEMENT AND INSURANCE
_c
250 _a六版
260 _a
_bADDISON-WESLEY
_c1998
300 _b
650 _a保险
942 _cBK
_o563.7 REJ 1998
999 _c58089
_d58079